000
00319nam a22001337a 4500
008
181022b xxu||||| |||| 00| 0 eng d
020
_a
9780132248846
041
_a
eng
080
_2
3 ED
_a
370
100
_a
49
101
_a
EDU
245
_a
Reading Literature And Writing Argument
_c
James.M
942
_2
udc
_c
BK
999
_c
50405
_d
50405